Normal view
MARC view
- Farooqi, Muhammad Ahsan
Entry Personal Name
001 - CONTROL NUMBER
- control field: 14682
003 - CONTROL NUMBER IDENTIFIER
- control field: NUST
005 - DATE AND TIME OF LATEST TRANSACTION
- control field: 20190531052436.0
008 - FIXED-LENGTH DATA ELEMENTS
- fixed length control field: 190531|| aca||aabn | a|a d
040 ## - CATALOGING SOURCE
- Original cataloging agency: NUST
- Transcribing agency: NUST
100 ## - HEADING--PERSONAL NAME
- Personal name: Farooqi, Muhammad Ahsan
670 ## - SOURCE DATA FOUND
- Source citation: Work cat.: (NUST): Farooqi, Muhammad Ahsan, Tarikh-e-Adab-e-Engrazi /, 1996.
